logo

OLVIDAD FILIPINAS (Record no. 67539)

MARC details
000 -CABECERA
campo de control de longitud fija 00422nam a2200181Ia 4500
001 - NÚMERO DE CONTROL
campo de control 32192
005 - FECHA Y HORA DE LA ÚLTIMA TRANSACCIÓN
campo de control 20260407100309.0
008 - CÓDIGOS DE INFORMACIÓN DE LONGITUD FIJA
campo de control de longitud fija 260115s9999 xx 000 0 und d
010 ## - NÚMERO DE CONTROL DE LA BIBLIOTECA DEL CONGRESO
Número de control de LC 67539
035 ## - NÚMERO DE CONTROL DEL SISTEMA
Número de control de sistema 21809
090 ## - LOCALMENTE ASIGNADO TIPO-LC NÚMERO DE CLASIFICACIÓN (OCLC); NÚMERO DE CLASIFICACIÓN LOCAL (RLIN)
Número de clasificación (OCLC) (R) ; Numero de clasificación CALL (RLIN) (NR) 821.134.2
100 ## - PUNTO DE ACCESO PRINCIPAL - NOMBRE DE PERSONA
Nombre de persona MOYA ANGELER JOSEP
245 #0 - MENCIÓN DE TÍTULO
Título OLVIDAD FILIPINAS
260 ## - PUBLICACIÓN, DISTRIBUCIÓN, ETC. (PIE DE IMPRENTA)
Nombre del editor distribuidor etc. INEDITA EDITORES
Fecha de publicación distribución etc. 2004
630 ## - PUNTO DE ACCESO ADICIONAL DE MATERIA--TÍTULO UNIFORME
Título uniforme NOVELA HISTORICA
650 ## - PUNTO DE ACCESO ADICIONAL DE MATERIA--TÉRMINO DE MATERIA
Término de materia o nombre geográfico como elemento inicial LITERATURA ESPAÑOLA
942 ## - ELEMENTOS DE PUNTO DE ACCESO ADICIONAL (KOHA)
Tipo de ítem Koha Monografías
Holdings
Estado de retiro Estado de pérdida Estado dañado No para préstamo Código de colección Localización permanente Ubicación/localización actual Ubicación en estantería Fecha de adquisición Enumeración/cronología de publicación seriada Número de inventario Número de registro Total de préstamos Signatura topográfica completa Código de barras Fecha visto por última vez Número de copia Precio válido a partir de Tipo de ítem Koha Nota pública
          Servicio de Estudios Históricos Servicio de Estudios Históricos   28/05/2018 821.134.2 29021 29021   21809 FH_32192 05/02/2026 1 05/02/2026 Monografías 24 X 16 CTMS, 318 PGS, DONACION 84-933564-7-6